header

The end of Prussia (Record no. 33409)

MARC details
000 -LEADER
fixed length control field 01287nam a2200349Ia 4500
100 1# - MAIN ENTRY--AUTHOR NAME
Personal name Craig, Gordon Alexander,
245 14 - TITLE STATEMENT
Title The end of Prussia
260 ## - PUBLICATION, DISTRIBUTION, ETC. (IMPRINT)
Place of publication Madison :
Name of publisher University of Wisconsin Press,
Year of publication 1984.
300 ## - PHYSICAL DESCRIPTION
Number of Pages 102 p.
490 1# - SERIES STATEMENT
Series statement Curti lectures ;
500 ## - GENERAL NOTE
General note Includes index.
856 40 - ELECTRONIC LOCATION AND ACCESS
Uniform Resource Identifier http://site.ebrary.com/lib/rucke/Doc?id=10256033

No items available.

© 2026 Rongo University
Contact us: librarian | system librarian | Rongo university